Cambio: formación y solución de los problemas humanos

Збережено в:
Бібліографічні деталі
Автори: Watzlawick, Paul (Автор), Weakland, John H (Автор), Fisch, Richard (Автор)
Формат: Книга
Мова:Іспанська
Опубліковано: Barcelona Herder 1994
Редагування:8a. ed
Серія:Biblioteca de Psicología, Textos Universitarios
Предмети:
Теги: Додати тег
Немає тегів, Будьте першим, хто поставить тег для цього запису!

MARC

LEADER 00000nam a2200000 a 4500
001 UCR9290
003 CL-VaPUC
008 980613e19940000SP |||||||||||||||||spa|d
082 0 4 |a 150.194  |b WAT  |2 21 
100 0 |a Watzlawick, Paul  |e author  |9 411643 
700 0 |a Weakland, John H  |e author  |9 411644 
700 0 |a Fisch, Richard  |e author  |9 411645 
245 1 0 |a Cambio: formación y solución de los problemas humanos 
250 |a 8a. ed 
300 |a 194 p 
942 |c BK 
945 |d 19980613 00:00:00  |a crobeson 
260 |a Barcelona  |b Herder  |c 1994 
650 7 |a CAMBIO  |2 CL-VaPUC  |9 307568 
650 0 |a Psicología   |9 257863 
650 0 |a Actitud  |9 258129 
650 7 |a RESISTENCIA AL CAMBIO  |2 CL-VaPUC  |9 396071 
650 7 |a CIENCIAS DEL COMPORTAMIENTO  |2 CL-VaPUC  |9 411646 
583 |a last modification  |c 19980613 00:00:00  |k Rodrigo Vera 
490 0 |a Biblioteca de Psicología, Textos Universitarios 
999 |c 270490  |d 270488 
952 |0 0  |1 0  |4 0  |6 150_194000000000000_WAT_1994  |7 0  |8 A  |9 304803  |a BIBGIM  |b BIBGIM  |d 2019-11-20  |i 3103099  |o 150.194 WAT 1994  |p 3103099  |r 2025-01-15  |w 2019-11-20  |y BK  |k SSL